000
00339 a2200157 4500
001
179138
020
_a
040
_c
Magnum
100
_a
Góes, Lúcia Pimentel
240
1
0
_a
O jardim de lucita
_l
por
245
1
0
_a
O jardim de lucita
362
0
_a
1899
440
1
_a
Scipione
697
_a
MAGNITO: I/FADAS, FANTASIA
942
_c
BK
999
_c
179138
_d
179138